Análisis esquemático del IVA: D.L. N§ 825 impuesto a las ventas y servicios
Tallennettuna:
| Päätekijä: | |
|---|---|
| Aineistotyyppi: | Kirja |
| Kieli: | espanja |
| Julkaistu: |
Valparaíso
Universidad Católica de Valparaíso
1995
|
| Aiheet: | |
| Tagit: |
Lisää tagi
Ei tageja, Lisää ensimmäinen tagi!
|
MARC
| LEADER | 00000nam a2200000 a 4500 | ||
|---|---|---|---|
| 001 | UCQ3000 | ||
| 003 | CL-VaPUC | ||
| 008 | 980817e19950000CL |||||||||||||||||spa|d | ||
| 082 | 0 | 4 | |a 336.271 |b FUE |2 21 |
| 100 | 0 | |a Fuenzalida Montenegro, Héctor |e author |9 417049 | |
| 245 | 1 | 0 | |a Análisis esquemático del IVA: D.L. N§ 825 impuesto a las ventas y servicios |
| 300 | |a 220 h | ||
| 942 | |c BK | ||
| 945 | |d 19980817 00:00:00 |a aarredon | ||
| 260 | |a Valparaíso |b Universidad Católica de Valparaíso |c 1995 | ||
| 650 | 7 | |a IVA |2 CL-VaPUC |9 373996 | |
| 650 | 0 | |a Impuesto a la renta |9 258171 | |
| 650 | 0 | |a Resoluciones |9 375170 | |
| 650 | 7 | |a RENTAS |2 CL-VaPUC |9 324806 | |
| 650 | 0 | |a Contribuyentes |9 379847 | |
| 650 | 7 | |a NORMAS |2 CL-VaPUC |9 259606 | |
| 650 | 7 | |a EMPRESAS CONSTRUCTORAS |2 CL-VaPUC |9 413934 | |
| 651 | 7 | |a CHILE |2 CL-VaPUC |9 417050 | |
| 583 | |a last modification |c 19980817 00:00:00 |k Rodrigo Vera | ||
| 999 | |c 273683 |d 273681 | ||
| 952 | |0 0 |1 0 |4 0 |6 336_271000000000000_FUE_1995 |7 0 |8 A |9 309488 |a BIBGIM |b BIBGIM |d 2019-11-20 |i 345052K |o 336.271 FUE 1995 |p 345052K |r 2025-01-15 |w 2019-11-20 |y BK |k GIM | ||